[Event "RUS-ch U18"]
[Site "Dagomys"]
[Date "2009.04.22"]
[Round "8"]
[White "Goganov, Aleksey"]
[Black "Biryukov, Alexander"]
[Result "1/2-1/2"]
[WhiteElo "2462"]
[BlackElo "2159"]
[PlyCount "59"]
[EventDate "2009.04.15"]
[EventType "swiss"]
[EventRounds "9"]
[EventCountry "RUS"]
[SourceTitle "CBM 130 Extra"]
[Source "ChessBase"]
[SourceDate "2009.07.02"]
[SourceVersion "2"]
[SourceVersionDate "2009.07.15"]
[SourceQuality "1"]

1. d4 d5 2. c4 e6 3. Nc3 c6 4. e3 Nf6 5. Nf3 Nbd7 6. Bd3 dxc4 7. Bxc4 b5 8. Bd3 a6 9. a4 b4 10. Ne4 c5 11. Nxf6+ gxf6 12. 0-0 Bb7 13. Qe2 Bd6 14. Bd2 a5 15. Rac1 Ke7 16. Bb5 Rc8 17. Rfd1 Qb6 18. Be1 Rhg8 19. e4 cxd4 20. Rxc8 Rxc8 21. Nxd4 Nc5 22. f3 Nb3 23. Bf2 Nxd4 24. Bxd4 Bc5 25. Qe3 Bxd4 26. Rxd4 Kf8 27. e5 fxe5 28. Qh6+ Kg8 29. Qg5+ Kf8 30. Qh6+ 1/2-1/2

[Event "RUS-ch U18"]
[Site "Dagomys"]
[Date "2009.04.17"]
[Round "3"]
[White "Biryukov, Mikhail"]
[Black "Biryukov, Alexander"]
[Result "0-1"]
[WhiteElo "2216"]
[BlackElo "2159"]
[PlyCount "98"]
[EventDate "2009.04.15"]
[EventType "swiss"]
[EventRounds "9"]
[EventCountry "RUS"]
[SourceTitle "CBM 130 Extra"]
[Source "ChessBase"]
[SourceDate "2009.07.02"]
[SourceVersion "2"]
[SourceVersionDate "2009.07.15"]
[SourceQuality "1"]

1. e4 e5 2. Nf3 Nc6 3. Bb5 a6 4. Bxc6 dxc6 5. 0-0 Bg4 6. h3 h5 7. d3 Qf6 8. Nbd2 Ne7 9. Re1 Ng6 10. d4 Nf4 11. dxe5 Qg6 12. Nh4 Bxd1 13. Nxg6 Nxg6 14. Rxd1 0-0-0 15. Rf1 Nxe5 16. Nf3 Re8 17. Nxe5 Rxe5 18. f3 Bc5+ 19. Kh1 g5 20. Bd2 Rh7 21. Bc3 Re6 22. Rad1 Bd6 23. Rd3 b5 24. Bd4 c5 25. Bg1 g4 26. Rfd1 gxh3 27. gxh3 Rg7 28. Bh2 Reg6 29. Bxd6 cxd6 30. R1d2 Kc7 31. Kh2 h4 32. a3 Rg8 33. b4 R8g7 34. f4 c4 35. Rd5 Re6 36. e5 dxe5 37. Rd7+ Kc6 38. Ra7 exf4 39. Rdd7 Rd6 40. Rxd6+ Kxd6 41. Rxa6+ Kd5 42. Rb6 f3 43. Rxb5+ Ke4 44. Rb6 f5 45. Re6+ Kf4 46. Re1 f2 47. Rf1 Kf3 48. b5 Rg2+ 49. Kh1 Kg3 0-1

[Event "RUS-ch U18"]
[Site "Dagomys"]
[Date "2009.04.15"]
[Round "1"]
[White "Chekhov, Sergey"]
[Black "Biryukov, Alexander"]
[Result "1-0"]
[WhiteElo "2331"]
[BlackElo "2159"]
[PlyCount "128"]
[EventDate "2009.04.15"]
[EventType "swiss"]
[EventRounds "9"]
[EventCountry "RUS"]
[SourceTitle "CBM 130 Extra"]
[Source "ChessBase"]
[SourceDate "2009.07.02"]
[SourceVersion "2"]
[SourceVersionDate "2009.07.15"]
[SourceQuality "1"]

1. d4 d5 2. Nc3 Bf5 3. Bf4 c6 4. e3 Nf6 5. Nf3 h6 6. Ne5 Nbd7 7. g4 Bh7 8. Bd3 e6 9. h4 Nxe5 10. Bxe5 Bxd3 11. cxd3 Nd7 12. Bg3 Be7 13. Kf1 Qb6 14. Qe2 Rc8 15. Kg2 c5 16. dxc5 Nxc5 17. d4 Nd7 18. Rac1 0-0 19. g5 Kh7 20. Bf4 f5 21. gxh6 g6 22. Qb5 Rc6 23. Qxb6 axb6 24. Nb5 Rfc8 25. Rxc6 Rxc6 26. a4 Nf6 27. Bg5 Ng8 28. Nc3 Bf8 29. h5 Nxh6 30. hxg6+ Kxg6 31. Bxh6 Bxh6 32. f4 Bf8 33. Kf3 Rc4 34. Rh8 Kg7 35. Rh2 Be7 36. Nb5 Rc6 37. Nc3 Rc4 38. Nb5 Rc6 39. b3 Bb4 40. Rb2 Rc1 41. Ke2 Rh1 42. Kd3 Kf7 43. Nc3 Rc1 44. Na2 Rd1+ 45. Ke2 Rh1 46. Rc2 Bd6 47. Nc3 Ke7 48. Kd3 Bb4 49. Na2 Rd1+ 50. Ke2 Re1+ 51. Kf2 Ba5 52. b4 Rh1 53. Kg2 Re1 54. bxa5 Rxe3 55. axb6 Rb3 56. a5 Ra3 57. Rc7+ Kd6 58. Nb4 Rxa5 59. Rxb7 Ra4 60. Nd3 Rxd4 61. Ne5 Rxf4 62. Nf7+ Kc5 63. Rb8 Rb4 64. b7 Kc6 1-0

[Event "RUS Cup Regions"]
[Site "Belgorod"]
[Date "2008.11.28"]
[Round "9"]
[White "Biryukov, Alexander"]
[Black "Efanov, Nikolai Aleksandrov"]
[Result "0-1"]
[WhiteElo "2141"]
[BlackElo "2398"]
[PlyCount "62"]
[EventDate "2008.11.21"]
[EventType "swiss"]
[EventRounds "10"]
[EventCountry "RUS"]
[SourceTitle "EXT 2010"]
[Source "ChessBase"]
[SourceDate "2010.11.25"]
[SourceVersion "1"]
[SourceVersionDate "2010.11.25"]
[SourceQuality "1"]

1. d4 d6 2. c4 e5 3. Nf3 e4 4. Ng5 f5 5. Nc3 Nf6 6. e3 c6 7. Be2 g6 8. f3 exf3 9. Bxf3 Bg7 10. 0-0 0-0 11. Qd3 h6 12. Nh3 g5 13. Be2 c5 14. Nf2 Nc6 15. b3 cxd4 16. exd4 d5 17. Ba3 Re8 18. Rad1 Be6 19. cxd5 Nxd5 20. Bh5 Nf4 21. Qf3 Nxd4 22. Rxd4 Qxd4 23. Bxe8 Rxe8 24. Nb5 Qb6 25. Nd6 Bd5 26. Qd1 Rd8 27. Qc2 Bxg2 28. Rd1 Bf3 29. Qc4+ Kh7 30. Rd2 Qe3 31. Bc1 Rxd6 0-1

[Event "RUS Cup Regions"]
[Site "Belgorod"]
[Date "2008.11.25"]
[Round "6"]
[White "Biryukov, Alexander"]
[Black "Kovalenko, Sergey"]
[Result "1-0"]
[WhiteElo "2141"]
[BlackElo "2153"]
[PlyCount "119"]
[EventDate "2008.11.21"]
[EventType "swiss"]
[EventRounds "10"]
[EventCountry "RUS"]
[SourceTitle "EXT 2010"]
[Source "ChessBase"]
[SourceDate "2010.11.25"]
[SourceVersion "1"]
[SourceVersionDate "2010.11.25"]
[SourceQuality "1"]

1. d4 d5 2. Nf3 c6 3. c4 e6 4. e3 f5 5. Be2 Nf6 6. 0-0 Bd6 7. b3 Qe7 8. a4 a5 9. Ba3 Bxa3 10. Nxa3 0-0 11. Nc2 Nbd7 12. Nce1 b6 13. Nd3 Bb7 14. Rc1 Ne4 15. Nfe5 Nxe5 16. Nxe5 Rac8 17. f3 Nf6 18. c5 Nd7 19. f4 Nxe5 20. fxe5 Ra8 21. Qd2 bxc5 22. Rxc5 Qc7 23. b4 axb4 24. Qxb4 Ba6 25. Bb5 Rab8 26. Qc3 Bxb5 27. axb5 Rb6 28. Rc1 Qe7 29. bxc6 Qc7 30. Qa3 Rfb8 31. R5c3 Rc8 32. Qd6 Kf7 33. h3 Qe7 34. Kh2 Rc7 35. Kg1 Rb8 36. Kf2 Rd8 37. Qxe7+ Kxe7 38. Ke2 Rb8 39. Kd2 Rb6 40. R1c2 Rb1 41. Ra3 Rb6 42. Rac3 Rb1 43. Ke2 Rb6 44. Kf3 g6 45. Rc5 Kd8 46. g4 Ke7 47. gxf5 gxf5 48. Kf4 Rb3 49. R5c3 Rb1 50. Rc1 Rb2 51. R3c2 Rxc2 52. Rxc2 Kd8 53. Kg5 Rg7+ 54. Kf6 Rg6+ 55. Kf7 Kc7 56. h4 Rh6 57. h5 Rxh5 58. Kxe6 Rh3 59. Kxd5 Rxe3 60. Rh2 1-0

[Event "RUS Cup Regions"]
[Site "Belgorod"]
[Date "2008.11.21"]
[Round "1"]
[White "Kovalenko, Sergey"]
[Black "Biryukov, Alexander"]
[Result "0-1"]
[WhiteElo "2153"]
[BlackElo "2141"]
[PlyCount "68"]
[EventDate "2008.11.21"]
[EventType "swiss"]
[EventRounds "10"]
[EventCountry "RUS"]
[SourceTitle "EXT 2010"]
[Source "ChessBase"]
[SourceDate "2010.11.25"]
[SourceVersion "1"]
[SourceVersionDate "2010.11.25"]
[SourceQuality "1"]

1. d4 d5 2. c4 e6 3. Nc3 c6 4. cxd5 exd5 5. Qc2 g6 6. Nf3 Nf6 7. Bg5 Bg7 8. e3 Bf5 9. Bd3 Bxd3 10. Qxd3 0-0 11. 0-0 Qd6 12. Rab1 a5 13. Bxf6 Qxf6 14. b4 b5 15. Qc2 a4 16. Ne5 Qd6 17. Nd3 Nd7 18. Ne2 Nb6 19. Qc3 Rae8 20. Rbc1 Nc4 21. Nb2 f5 22. Nxc4 dxc4 23. Kh1 f4 24. Nxf4 Bxd4 25. Rfd1 Qxf4 26. exf4 Bxc3 27. Rxc3 Rxf4 28. Rc2 Rd4 29. Rdc1 Red8 30. g3 Rd1+ 31. Kg2 Rxc1 32. Rxc1 Rd3 33. f4 Rd2+ 34. Kf3 Rxa2 0-1

[Event "EU-ch U16 18th"]
[Site "Herceg Novi"]
[Date "2008.09.21"]
[Round "6"]
[White "Yilmaz, Mustafa"]
[Black "Biryukov, Alexander"]
[Result "1-0"]
[WhiteElo "2362"]
[BlackElo "2138"]
[PlyCount "111"]
[EventDate "2008.09.15"]
[EventType "swiss"]
[EventRounds "9"]
[EventCountry "MNE"]
[SourceTitle "CBM 126 Extra"]
[Source "ChessBase"]
[SourceDate "2008.11.05"]
[SourceVersion "1"]
[SourceVersionDate "2008.11.05"]
[SourceQuality "1"]

1. e4 e5 2. Bc4 Nf6 3. d3 Nc6 4. Nf3 h6 5. c3 d6 6. 0-0 g6 7. d4 Qe7 8. Re1 Bg7 9. Nbd2 Nh7 10. dxe5 dxe5 11. Nf1 Nd8 12. a4 Ng5 13. Ne3 Nde6 14. b3 Qf6 15. Nxg5 hxg5 16. Nd5 Qd8 17. Ba3 Bf8 18. Bb2 Bd6 19. a5 a6 20. Be2 Bd7 21. Bg4 Bc5 22. Qf3 0-0 23. Bh3 c6 24. Nf6+ Kg7 25. Nxd7 Qxd7 26. Qg3 f6 27. Bg4 Qe7 28. Rad1 Rad8 29. Qf3 Nf4 30. Rxd8 Qxd8 31. Rd1 Qxa5 32. g3 Qa2 33. gxf4 Qxb2 34. fxe5 Qxb3 35. Rd7+ Kg8 36. Qh3 Qb1+ 37. Rd1 Bxf2+ 38. Kxf2 fxe5+ 39. Kg1 Qxe4 40. Be6+ Kg7 41. Bb3 g4 42. Rd7+ Kf6 43. Qh4+ Kf5 44. Be6+ Kxe6 45. Qe7+ Kf5 46. Qxf8+ Kg5 47. Qf2 Qb1+ 48. Kg2 Qe4+ 49. Kg3 Qf5 50. Qe3+ Kf6 51. Rxb7 e4 52. Qd4+ Ke6 53. Qd7+ Ke5 54. Qe7+ Kd5 55. Rd7+ Kc4 56. Qb4# 1-0

[Event "Asia-ch Children-B"]
[Site "Yakutsk"]
[Date "2008.07.11"]
[Round "7"]
[White "Biryukov, Alexander"]
[Black "Grishin, Alexander"]
[Result "1/2-1/2"]
[WhiteElo "2138"]
[BlackElo "2178"]
[PlyCount "118"]
[EventDate "2008.07.05"]
[EventType "swiss"]
[EventRounds "7"]
[EventCountry "RUS"]
[SourceTitle "EXT 2022"]
[Source "ChessBase"]
[SourceDate "2021.10.06"]
[SourceVersion "1"]
[SourceVersionDate "2021.10.06"]
[SourceQuality "1"]

1. d4 c5 2. d5 g6 3. e4 Bg7 4. Nf3 d6 5. h3 Nf6 6. Nc3 0-0 7. Bd3 e6 8. 0-0 exd5 9. exd5 a6 10. a4 b6 11. Bg5 Nbd7 12. Ne4 Qc7 13. Nxf6+ Nxf6 14. c4 Bd7 15. Rc1 Rab8 16. Nd2 b5 17. axb5 axb5 18. Qf3 Qd8 19. g4 h6 20. Bh4 bxc4 21. Nxc4 Bb5 22. b3 Re8 23. Rfe1 Bxc4 24. Bxc4 Rxe1+ 25. Rxe1 Qa5 26. Re7 Re8 27. Qe2 Qa1+ 28. Kg2 Rxe7 29. Qxe7 g5 30. Bg3 Bf8 31. Qe3 Qd1 32. Qf3 Qd4 33. Qf5 Kg7 34. f3 Qd2+ 35. Kf1 Be7 36. Be1 Qh2 37. Bd3 Qh1+ 38. Ke2 Qg2+ 39. Kd1 Qb2 40. Bc4 Qa1+ 41. Ke2 Qb2+ 42. Bd2 Ng8 43. Qd3 Bf6 44. Kf1 Qe5 45. Qe2 Ne7 46. Qxe5 Bxe5 47. b4 cxb4 48. Bxb4 Ng6 49. Bd2 Bf4 50. Bc3+ f6 51. Bd3 Ne7 52. Be4 Be5 53. Bb4 f5 54. gxf5 Kf6 55. Ba5 Nxf5 56. Bd8+ Kg6 57. h4 gxh4 58. Bxh4 Kh5 59. Bxf5 Kxh4 1/2-1/2

[Event "Novosibirsk-ch"]
[Site "Novosibirsk"]
[Date "2008.02.29"]
[Round "7"]
[White "Biryukov, Alexander"]
[Black "Karimov, Adkhamzhan"]
[Result "0-1"]
[WhiteElo "2041"]
[BlackElo "2182"]
[PlyCount "108"]
[EventDate "2008.02.22"]
[EventType "swiss"]
[EventRounds "9"]
[EventCountry "RUS"]
[SourceTitle "CBM 123 Extra"]
[Source "ChessBase"]
[SourceDate "2008.05.06"]
[SourceVersion "1"]
[SourceVersionDate "2008.05.06"]
[SourceQuality "1"]

1. d4 Nf6 2. Nf3 d6 3. c4 g6 4. Nc3 Bg7 5. e4 Bg4 6. Be2 c6 7. h3 Bxf3 8. Bxf3 Nbd7 9. 0-0 0-0 10. Be3 Nb6 11. Qe2 Nbd7 12. Rfd1 Rc8 13. Rac1 c5 14. dxc5 Nxc5 15. Nb5 a6 16. Nd4 Ncd7 17. Qf1 Ne5 18. Be2 Nfd7 19. b4 Qc7 20. Nb3 Nc6 21. c5 dxc5 22. Nxc5 Nxc5 23. Rxc5 Rfd8 24. Rb1 Bd4 25. Bxd4 Rxd4 26. e5 Qb6 27. a3 Rcd8 28. Rbc1 R4d5 29. e6 f6 30. R5c3 Ne5 31. Kh1 g5 32. f4 gxf4 33. Qxf4 Qxe6 34. Rg3+ Kh8 35. Qh6 Rg8 36. Re3 Qf5 37. Qh4 b5 38. Qe1 Qg5 39. Qg1 f5 40. Rc5 Rxc5 41. bxc5 f4 42. Rc3 Rg6 43. Bd3 Nxd3 44. Rxd3 Qe5 45. Qc1 Rc6 46. Qd1 Rxc5 47. Rd8+ Kg7 48. Ra8 Rc6 49. Qg4+ Rg6 50. Qd1 Qe4 51. Qa1+ Kh6 52. Qf1 Qxa8 53. Qxf4+ Kg7 54. Qe5+ Kg8 0-1

[Event "Novosibirsk-ch"]
[Site "Novosibirsk"]
[Date "2008.02.27"]
[Round "5"]
[White "Dzhumagaliev, Yan"]
[Black "Biryukov, Alexander"]
[Result "1/2-1/2"]
[WhiteElo "2232"]
[BlackElo "2041"]
[PlyCount "145"]
[EventDate "2008.02.22"]
[EventType "swiss"]
[EventRounds "9"]
[EventCountry "RUS"]
[SourceTitle "CBM 123 Extra"]
[Source "ChessBase"]
[SourceDate "2008.05.06"]
[SourceVersion "1"]
[SourceVersionDate "2008.05.06"]
[SourceQuality "1"]

1. f4 d5 2. Nf3 Nf6 3. g3 g6 4. Bg2 Bg7 5. 0-0 0-0 6. d3 c5 7. Nbd2 d4 8. Ne4 Nbd7 9. h3 Qc7 10. c4 Rb8 11. a4 a6 12. a5 b5 13. axb6 Qxb6 14. Nxf6+ exf6 15. f5 Bb7 16. g4 g5 17. Nd2 Bxg2 18. Kxg2 Rfe8 19. Ne4 Qb7 20. Kg1 Qc7 21. Qe1 Qc6 22. Qg3 Bf8 23. h4 h6 24. hxg5 fxg5 25. f6 Rxe4 26. dxe4 Qxe4 27. Qf3 Re8 28. Rf2 Qxf3 29. exf3 Re6 30. Bd2 Ne5 31. b3 Rxf6 32. Kg2 Ng6 33. f4 gxf4 34. Kf3 Kh7 35. Rg1 Rb6 36. Bxf4 Rxb3+ 37. Ke4 Bg7 38. Bd6 Rc3 39. Kd5 Kg8 40. Kxc5 d3 41. Kd5 Nf8 42. g5 h5 43. c5 Ng6 44. c6 a5 45. c7 Bf8 46. Ra1 Ne7+ 47. Ke4 Rc6 48. Bh2 Rc5 49. Kxd3 Nc8 50. Re2 Be7 51. Rxe7 Nxe7 52. Re1 Kf8 53. Kd4 Rc6 54. Ra1 Ke8 55. Rxa5 Kd7 56. Ra8 Nc8 57. Ra2 Nd6 58. Kd5 Nb5 59. Rf2 Nc3+ 60. Kd4 Nb5+ 61. Ke4 Ke7 62. Kd5 Rc1 63. c8Q Rxc8 64. Be5 Nc7+ 65. Ke4 Ne6 66. Bf6+ Ke8 67. Rh2 h4 68. Ke5 Nf8 69. Kd6 Ng6 70. Ra2 Kf8 71. Kd7 Rb8 72. Ra3 Kg8 73. Re3 1/2-1/2

[Event "Novosibirsk-ch"]
[Site "Novosibirsk"]
[Date "2008.02.23"]
[Round "2"]
[White "Makarevich, Julia"]
[Black "Biryukov, Alexander"]
[Result "0-1"]
[WhiteElo "1941"]
[BlackElo "2041"]
[PlyCount "94"]
[EventDate "2008.02.22"]
[EventType "swiss"]
[EventRounds "9"]
[EventCountry "RUS"]
[SourceTitle "CBM 123 Extra"]
[Source "ChessBase"]
[SourceDate "2008.05.06"]
[SourceVersion "1"]
[SourceVersionDate "2008.05.06"]
[SourceQuality "1"]

1. d4 d5 2. Nf3 Nf6 3. c4 e6 4. g3 dxc4 5. Bg2 Nc6 6. Qa4 Bb4+ 7. Bd2 Nd5 8. Bxb4 Ndxb4 9. a3 b5 10. Qxb5 Nc2+ 11. Kd1 Nxa1 12. Qxc6+ Bd7 13. Qxc4 c5 14. Nc3 Rc8 15. Qd3 0-0 16. e3 cxd4 17. Nxd4 e5 18. Nf3 Qe7 19. Ke2 e4 20. Nxe4 Rc2+ 21. Ned2 Rxb2 22. Nd4 Ra2 23. Be4 Rxa3 24. Qb1 a5 25. Qb2 Qb4 26. Rb1 Qxb2 27. Rxb2 a4 28. Nc4 Rc3 29. Bd3 Nb3 30. Nxb3 Rxb3 31. Rxb3 axb3 32. Kd2 Be6 33. Kc3 Rb8 34. Nb2 Rc8+ 35. Kd2 Kf8 36. e4 Ke7 37. f3 g6 38. Bb1 Kd6 39. Nd3 Bc4 40. Nb2 Bb5 41. f4 Rc5 42. Nd3 Bxd3 43. Bxd3 Kc7 44. e5 Kb6 45. Bb1 Ka5 46. Bd3 Kb4 47. Bb1 Ka3 0-1

[Event "Novosibirsk Region op"]
[Site "Novosibirsk"]
[Date "2007.12.11"]
[Round "7"]
[White "Kezin, Roman"]
[Black "Biryukov, Alexander"]
[Result "1-0"]
[WhiteElo "2130"]
[BlackElo "2025"]
[PlyCount "75"]
[EventDate "2007.12.05"]
[EventType "swiss"]
[EventRounds "9"]
[EventCountry "RUS"]
[SourceTitle "CBM 122 Extra"]
[Source "ChessBase"]
[SourceDate "2008.03.04"]
[SourceVersion "1"]
[SourceVersionDate "2008.03.04"]
[SourceQuality "1"]

1. d4 d5 2. c4 e6 3. Nf3 Nf6 4. e3 c5 5. Nc3 Nc6 6. a3 a6 7. cxd5 exd5 8. Be2 Bg4 9. 0-0 Qd7 10. Ne5 Nxe5 11. dxe5 Bxe2 12. Qxe2 Ne4 13. Rd1 Nxc3 14. bxc3 Qc6 15. Qf3 Rd8 16. c4 d4 17. Qxc6+ bxc6 18. Rb1 g6 19. Bb2 Be7 20. exd4 cxd4 21. Rxd4 0-0 22. Kf1 Rb8 23. Rdd1 Rb3 24. Bd4 Rxa3 25. Rb7 Rd8 26. Rxe7 Ra4 27. Ke1 Rxc4 28. Be3 Rb8 29. Ke2 a5 30. Rdd7 a4 31. Rxf7 a3 32. Rg7+ Kh8 33. Rxh7+ Kg8 34. Rdg7+ Kf8 35. Ra7 Kg8 36. Rhg7+ Kh8 37. Rgd7 Rc2+ 38. Rd2 1-0

[Event "Novosibirsk Region op"]
[Site "Novosibirsk"]
[Date "2007.12.10"]
[Round "6"]
[White "Biryukov, Alexander"]
[Black "Zemtsov, Roman"]
[Result "0-1"]
[WhiteElo "2025"]
[BlackElo "2303"]
[PlyCount "112"]
[EventDate "2007.12.05"]
[EventType "swiss"]
[EventRounds "9"]
[EventCountry "RUS"]
[SourceTitle "CBM 122 Extra"]
[Source "ChessBase"]
[SourceDate "2008.03.04"]
[SourceVersion "1"]
[SourceVersionDate "2008.03.04"]
[SourceQuality "1"]

1. d4 d5 2. c4 e6 3. Nf3 Nf6 4. g3 Bb4+ 5. Bd2 Be7 6. Bg2 0-0 7. 0-0 b6 8. cxd5 exd5 9. Nc3 Bb7 10. Qc2 Nbd7 11. Rfd1 c6 12. Rab1 a5 13. a3 Re8 14. Bf4 Nh5 15. Bc1 Nhf6 16. Bf4 Bf8 17. h3 g6 18. g4 Qe7 19. Qd2 b5 20. g5 Nh5 21. Re1 Nb6 22. Bh2 b4 23. axb4 axb4 24. Nd1 Nc4 25. Qc1 Nd6 26. Ne3 f5 27. gxf6 Nxf6 28. Ne5 Rac8 29. N3g4 Nfe4 30. f3 Nf6 31. e4 Bg7 32. exd5 Nxd5 33. Nh6+ Bxh6 34. Qxh6 Nf5 35. Qd2 Qd8 36. Rbd1 Qb6 37. Kh1 Rcd8 38. Qg5 Kg7 39. Nc4 h6 40. Qg4 Qa6 41. Ne5 c5 42. Ra1 Qf6 43. Nc4 Nde3 44. Nxe3 Nxe3 45. Qg3 cxd4 46. Ra7 Rd7 47. Rg1 Ree7 48. Rxb7 Rxb7 49. f4 Nxg2 50. Qxg2 Rbd7 51. Bg3 Qf5 52. Be1 Re3 53. Kh2 d3 54. Rf1 Re2 55. Bf2 Qxf4+ 56. Kh1 Rf7 0-1

[Event "Novosibirsk Region op"]
[Site "Novosibirsk"]
[Date "2007.12.08"]
[Round "4"]
[White "Biryukov, Alexander"]
[Black "Galauov, Ruslan"]
[Result "1-0"]
[WhiteElo "2025"]
[BlackElo "2117"]
[PlyCount "41"]
[EventDate "2007.12.05"]
[EventType "swiss"]
[EventRounds "9"]
[EventCountry "RUS"]
[SourceTitle "CBM 122 Extra"]
[Source "ChessBase"]
[SourceDate "2008.03.04"]
[SourceVersion "1"]
[SourceVersionDate "2008.03.04"]
[SourceQuality "1"]

1. d4 e6 2. c4 Nf6 3. Nf3 b6 4. e3 Bb7 5. Bd3 c5 6. 0-0 cxd4 7. exd4 Be7 8. b3 d5 9. Bb2 0-0 10. Qe2 Nc6 11. Nbd2 Re8 12. Rad1 Bd6 13. Ne5 dxc4 14. bxc4 Bxe5 15. dxe5 Nd7 16. Ne4 Qc7 17. Nd6 Re7 18. Bxh7+ Kxh7 19. Qh5+ Kg8 20. Rd3 Nf8 21. Rh3 1-0

[Event "Novosibirsk Region op"]
[Site "Novosibirsk"]
[Date "2007.12.05"]
[Round "1"]
[White "Karimov, Adkhamzhan"]
[Black "Biryukov, Alexander"]
[Result "0-1"]
[WhiteElo "2168"]
[BlackElo "2025"]
[PlyCount "102"]
[EventDate "2007.12.05"]
[EventType "swiss"]
[EventRounds "9"]
[EventCountry "RUS"]
[SourceTitle "CBM 122 Extra"]
[Source "ChessBase"]
[SourceDate "2008.03.04"]
[SourceVersion "1"]
[SourceVersionDate "2008.03.04"]
[SourceQuality "1"]

1. e4 e5 2. g3 Nf6 3. Bg2 d5 4. exd5 Nxd5 5. d3 Nc6 6. Ne2 Bg4 7. 0-0 Bc5 8. c3 0-0 9. b4 Ndxb4 10. cxb4 Bd4 11. Nxd4 Bxd1 12. Nxc6 bxc6 13. Rxd1 Qd4 14. Nc3 Qxc3 15. Rb1 f6 16. Be3 f5 17. Rbc1 Qa3 18. Bxc6 Rad8 19. Bc5 Rxd3 20. Re1 Rfd8 21. Bb5 Rc3 22. Rxc3 Qxc3 23. Re3 Qc1+ 24. Kg2 e4 25. g4 g6 26. Bxa7 Ra8 27. Bc5 Rxa2 28. gxf5 gxf5 29. Bd7 Ra3 30. Bxf5 Rxe3 31. Bxe3 Qd1 32. Be6+ Kg7 33. h3 h5 34. b5 Kf6 35. Bc8 Qd8 36. Bb7 Ke5 37. Bc6 Qf6 38. Kh2 Qf3 39. Bc5 Qf4+ 40. Kg2 Qg5+ 41. Kh2 Qf5 42. Kg2 Qg6+ 43. Kf1 Kf4 44. Be3+ Kf3 45. Ke1 Qd6 46. Be8 Qe5 47. Bc6 Qc3+ 48. Kd1 h4 49. Be8 Kg2 50. Bc6 Qd3+ 51. Kc1 Kxh3 0-1

[Event "Novosibirsk-ch U18 op"]
[Site "Novosibirsk"]
[Date "2007.10.04"]
[Round "8"]
[White "Biryukov, Alexander"]
[Black "Kuzmin, Artem"]
[Result "1-0"]
[WhiteElo "2025"]
[BlackElo "1968"]
[PlyCount "79"]
[EventDate "2007.09.25"]
[EventType "swiss"]
[EventRounds "9"]
[EventCountry "RUS"]
[SourceTitle "EXT 2022"]
[Source "ChessBase"]
[SourceDate "2021.10.06"]
[SourceVersion "1"]
[SourceVersionDate "2021.10.06"]
[SourceQuality "1"]

1. d4 Nf6 2. c4 g6 3. Nc3 Bg7 4. e4 d6 5. Nf3 0-0 6. h3 e5 7. d5 a5 8. Bg5 Qe8 9. g4 Nfd7 10. Rg1 Nc5 11. Be2 Nba6 12. h4 Kh8 13. h5 f5 14. h6 Bf6 15. Bxf6+ Rxf6 16. exf5 gxf5 17. g5 Rg6 18. Nh4 Rg8 19. Bh5 Qd8 20. g6 hxg6 21. Nxg6+ Kh7 22. Qe2 Nb4 23. 0-0-0 f4 24. Ne4 Nxa2+ 25. Kd2 Nb3+ 26. Kc2 Nd4+ 27. Rxd4 exd4 28. Kb3 Bf5 29. Kxa2 Bxg6 30. Ng5+ Kxh6 31. Bxg6 Kxg6 32. Ne6+ Kf6 33. Nxd8 Rxg1 34. Qe6+ Kg7 35. Qf7+ Kh8 36. Qxf4 Rg7 37. Ne6 Rg6 38. Qxd4+ Kg8 39. Nxc7 Rc8 40. Ne6 1-0

[Event "Novosibirsk-ch U18 op"]
[Site "Novosibirsk"]
[Date "2007.09.26"]
[Round "2"]
[White "Dzhumagaliev, Yan"]
[Black "Biryukov, Alexander"]
[Result "1-0"]
[WhiteElo "2246"]
[BlackElo "2025"]
[PlyCount "53"]
[EventDate "2007.09.25"]
[EventType "swiss"]
[EventRounds "9"]
[EventCountry "RUS"]
[SourceTitle "EXT 2022"]
[Source "ChessBase"]
[SourceDate "2021.10.06"]
[SourceVersion "1"]
[SourceVersionDate "2021.10.06"]
[SourceQuality "1"]

1. Nf3 d5 2. g3 Nf6 3. Bg2 e6 4. 0-0 Nbd7 5. d3 b6 6. Nbd2 Bb7 7. c3 Bd6 8. Qc2 c5 9. e4 Qc7 10. Re1 h6 11. exd5 Nxd5 12. Nc4 Be7 13. a4 g5 14. a5 b5 15. a6 Bc8 16. Nce5 Rb8 17. Nxd7 Qxd7 18. Qe2 Rb6 19. Ne5 Qd6 20. Qh5 Rf8 21. Qxh6 Bf6 22. Ng4 Be7 23. Bxg5 Rxa6 24. Rxa6 Bxa6 25. Bxe7 Kxe7 26. Qg5+ f6 27. Qxd5 1-0

[Event "Novosibirsk CC-ch"]
[Site "Novosibirsk"]
[Date "2007.01.27"]
[Round "11"]
[White "Biryukov, Alexander"]
[Black "Karmanov, Sergei"]
[Result "1-0"]
[WhiteElo "1980"]
[BlackElo "2074"]
[PlyCount "57"]
[EventDate "2007.01.14"]
[EventType "swiss"]
[EventRounds "11"]
[EventCountry "RUS"]
[SourceTitle "EXT 2010"]
[Source "ChessBase"]
[SourceDate "2010.11.25"]
[SourceVersion "1"]
[SourceVersionDate "2010.11.25"]
[SourceQuality "1"]

1. d4 d5 2. c4 e6 3. Nf3 c5 4. cxd5 exd5 5. g3 Nc6 6. Bg2 Nf6 7. 0-0 cxd4 8. Nxd4 Be7 9. Nc3 0-0 10. Be3 Bg4 11. h3 Be6 12. Rc1 Rc8 13. Qc2 Ne5 14. f4 Nc4 15. Bf2 Ne4 16. Nxe6 fxe6 17. Nxe4 Nd6 18. Nc3 d4 19. Bxd4 Nf5 20. Bf2 Bc5 21. Kh2 Be3 22. Bxe3 Nxe3 23. Qe4 Nxf1+ 24. Rxf1 Kh8 25. Qxe6 Re8 26. Qd5 Qb6 27. Qf5 Rf8 28. Qb1 h5 29. h4 1-0

[Event "Novosibirsk CC-ch"]
[Site "Novosibirsk"]
[Date "2007.01.26"]
[Round "10"]
[White "Sinitsin, Roman"]
[Black "Biryukov, Alexander"]
[Result "1-0"]
[WhiteElo "2207"]
[BlackElo "1980"]
[PlyCount "105"]
[EventDate "2007.01.14"]
[EventType "swiss"]
[EventRounds "11"]
[EventCountry "RUS"]
[SourceTitle "EXT 2010"]
[Source "ChessBase"]
[SourceDate "2010.11.25"]
[SourceVersion "1"]
[SourceVersionDate "2010.11.25"]
[SourceQuality "1"]

1. d4 d5 2. Nf3 Nf6 3. c4 e6 4. g3 dxc4 5. Bg2 Nc6 6. Qa4 Bb4+ 7. Bd2 Nd5 8. Bxb4 Ndxb4 9. a3 b5 10. Qxb5 Nc2+ 11. Kd2 Nxa1 12. Qxc6+ Bd7 13. Qxc4 c5 14. Qa2 cxd4 15. Rc1 0-0 16. Qxa1 Rc8 17. Rxc8 Qxc8 18. b4 Ba4 19. Qb2 Qc7 20. Ne1 Rc8 21. Be4 Qe5 22. Bc2 Bxc2 23. Nxc2 Qf6 24. f4 e5 25. fxe5 Qh6+ 26. Kd1 Qxh2 27. Qxd4 Qxg3 28. Nd2 Qg6 29. Ne4 h5 30. Ne1 Qc6 31. Nd3 Qa4+ 32. Ke1 Qxa3 33. Qd7 Qa1+ 34. Kf2 Qa6 35. Ndc5 Qc6 36. Qf5 Re8 37. Nf6+ gxf6 38. exf6 Rxe2+ 39. Kxe2 Qg2+ 40. Kd3 h4 41. Ne4 h3 42. Ng5 Qg3+ 43. Kc4 Qc7+ 44. Kb3 Kf8 45. Qxh3 Ke8 46. Qe3+ Kd8 47. Qd4+ Ke8 48. Qe4+ Kd8 49. Qd5+ Ke8 50. Qa8+ Kd7 51. Qd5+ Ke8 52. Qb5+ Kd8 53. Qa5 1-0

[Event "Novosibirsk CC-ch"]
[Site "Novosibirsk"]
[Date "2007.01.25"]
[Round "9"]
[White "Biryukov, Alexander"]
[Black "Toropov, Viktor"]
[Result "1-0"]
[WhiteElo "1980"]
[BlackElo "2149"]
[PlyCount "65"]
[EventDate "2007.01.14"]
[EventType "swiss"]
[EventRounds "11"]
[EventCountry "RUS"]
[SourceTitle "EXT 2010"]
[Source "ChessBase"]
[SourceDate "2010.11.25"]
[SourceVersion "1"]
[SourceVersionDate "2010.11.25"]
[SourceQuality "1"]

1. d4 e6 2. c4 f5 3. Nf3 Nf6 4. g3 Be7 5. Bg2 0-0 6. 0-0 d6 7. Nc3 Nbd7 8. Qc2 Nb6 9. b3 d5 10. Nd1 c6 11. Nb2 Ne4 12. Nd3 g5 13. Bb2 Bd7 14. Nfe5 Rc8 15. f3 Nf6 16. Nc5 Rc7 17. Nexd7 Nfxd7 18. Nxe6 Qb8 19. Nxf8 Nxf8 20. Qxf5 Bd8 21. Qd3 Rg7 22. e4 Bc7 23. cxd5 Bxg3 24. hxg3 Qxg3 25. Qe2 Ng6 26. Qf2 Qf4 27. dxc6 bxc6 28. d5 Ne5 29. Bxe5 Qxe5 30. dxc6 Rg6 31. Rac1 Rh6 32. f4 Qc7 33. Rc5 1-0